| 000 | 00563nam a2200133Ia 4500 | ||
|---|---|---|---|
| 008 | 171207s9999 xx 000 0 und d | ||
| 100 | _aJacob, Charles J. | ||
| 245 | 2 | _aA Pilot Study of Transformational Leadership and College Counseling Outcomes | |
| 245 | _cCharles J. Jacob, Jessica Stoler & Gregory Roth | ||
| 260 | _c2017 | ||
| 300 | _apages 180-191, April-June 2017 | ||
| 440 |
_aJournal of Creativity in Mental Health _v12:2 |
||
| 650 | _aCollege counselor training, counseling, counselor education, creativity in counseling, leadership, working alliance | ||
| 999 |
_c347684 _d347684 |
||